Quick Pick: Days of the Week in German Quiz Stats

 Plays Quiz Updated May 8, 2018

Also try: The Germany Quiz
Challenge
Share
Tweet
Embed
Score 0/7 Timer 01:00
0 Plays Today
% Correct
Freitag
96.8%
Montag
96.4%
Sonntag
94.4%
Samstag
90.1%
Donnerstag
87%
Dienstag
80.9%
Mittwoch
79.7%

Today's Daily Dose

You're not logged in!

Compare scores with friends on all Sporcle quizzes.
Join for Free
OR
Log In

You Might Also Like...

Show Comments

Extras

Top Quizzes Today


Score Distribution

Your Account Isn't Verified!

In order to create a playlist on Sporcle, you need to verify the email address you used during registration. Go to your Sporcle Settings to finish the process.

Report this User

Report this user for behavior that violates our Community Guidelines.

Details: